|
|
|
|
| LEADER |
00000nam0a2200000 4500 |
| 001 |
371896 |
| 005 |
20231102012426.0 |
| 035 |
|
|
|a (RuTPU)RU\TPU\retro\29310
|
| 090 |
|
|
|a 371896
|
| 100 |
|
|
|a 20221125d1978 k y0rusy50 ca
|
| 101 |
0 |
|
|a rus
|
| 102 |
|
|
|a RU
|
| 105 |
|
|
|a y z 001zy
|
| 200 |
1 |
|
|a Англо-русские языковые контакты (англизмы в русском языке)
|e монография
|f В. М. Аристова
|
| 210 |
|
|
|a Ленинград
|c Изд-во Ленинградского ун-та
|d 1978
|
| 215 |
|
|
|a 152 с.
|
| 320 |
|
|
|a Библиогр.: с. 140-150
|
| 320 |
|
|
|a Словарь англизмов в русском языке (XVI-XIX вв.): с. 70-139
|
| 606 |
1 |
|
|a Русский язык
|2 stltpush
|3 (RuTPU)RU\TPU\subj\26383
|9 50323
|
| 610 |
1 |
|
|a русские
|
| 610 |
1 |
|
|a англичане
|
| 610 |
1 |
|
|a английские слова
|
| 610 |
1 |
|
|a англизмы
|
| 610 |
1 |
|
|a проникновение
|
| 610 |
1 |
|
|a языковые контакты
|
| 610 |
1 |
|
|a исследование
|
| 610 |
1 |
|
|a монографии
|
| 686 |
|
|
|a Ш141.2
|v LBC/SL-A
|2 rubbk
|
| 700 |
|
1 |
|a Аристова
|b В. М.
|g Валентина Михайловна
|
| 801 |
|
1 |
|a RU
|b 63413507
|c 20221125
|
| 942 |
|
|
|c BK
|